Statistics for Geography General Knowledge #5

Click here to take the quiz!

General Stats

  • This quiz has been taken 117,670 times
    (25,265 since last reset)
  • The average score is 13 of 20

Answer Stats

QuestionAnswer% Correct
What is the most common religion in India?Hinduism
95%
What is the oldest university in England?Oxford
94%
What is known as "The City of Light"?Paris
81%
What building is the headquarters of the U.S. military?The Pentagon
79%
What city is considered to be the economic capital of Israel?Tel Aviv
77%
Every year, the Spanish town of Buñol has a food fight. What type of food is thrown?Tomatoes
74%
What country is home to Mount Kilimanjaro?Tanzania
73%
What body of water would you be in after sailing north through the Bering Strait?Arctic Ocean
70%
What is the official residence of the Russian President?The Kremlin
70%
What was the former name of Ho Chi Minh City?Saigon
66%
What major river flows through the Grand Canyon?Colorado River
65%
What is the highest mountain in the Alps?Mont Blanc
60%
What is the largest and most populous island of Japan?Honshu
53%
What is Hobart the capital of?Tasmania
51%
What major American city is located on Puget Sound?Seattle
50%
What is the westernmost region of the European part of France?Brittany
47%
In what U.S. state does the Mississippi River begin?Minnesota
47%
What is Canada's smallest province by size and population?Prince Edward Island
47%
What name is given to the northeast part of China?Manchuria
45%
What French region's capital city is Ajaccio?Corsica
39%

Score Distribution

Percentile by Number Answered

Percent of People with Each Score

Your Score History

You have not taken this quiz since the last reset